[Event "Andorra open 2005"]
[Site "Andorra AND"]
[Date "2005.07.12"]
[Round "4.8"]
[White "Asis Gargatagli, Hipolit"]
[Black "Perez Candelario, Manuel"]
[Result "1/2-1/2"]
[WhiteElo "2395"]
[BlackElo "2504"]
[PlyCount "68"]
[EventDate "2005.07.17"]
[EventType "swiss"]
[EventRounds "9"]
[EventCountry "AND"]
[Source "lmi"]
[SourceDate "2005.07.17"]

1. Nc3 e5 2. e4 Nf6 3. Bc4 Nc6 4. d3 Na5 5. Nge2 Be7 6. O-O O-O 7. a3 Nxc4 8.
dxc4 Re8 9. Qd3 d6 10. b3 Be6 11. a4 h6 12. f4 exf4 13. Nxf4 Nd7 14. Ncd5 Bg5
15. Bb2 Bxf4 16. Rxf4 Ne5 17. Qg3 Bxd5 18. exd5 Qg5 19. Qf2 Re7 20. Rf1 f6 21.
Rf5 Qg6 22. Bxe5 Rxe5 23. Rxe5 fxe5 24. Qf5 Qe8 25. Kf2 Qe7 26. Ke2 Re8 27. Qe4
a5 28. Rf5 Qd7 29. Qg4 Qe7 30. Qe4 b6 31. g3 Rf8 32. Qg4 Rf7 33. Ke3 Qf8 34.
Ke4 Qe7 1/2-1/2

[Event "Andorra open 2005"]
[Site "Andorra AND"]
[Date "2005.07.12"]
[Round "4.10"]
[White "Comas Fabrego, Luis"]
[Black "Llobel Cortell, Enrique"]
[Result "1-0"]
[WhiteElo "2513"]
[BlackElo "2397"]
[PlyCount "87"]
[EventDate "2005.07.17"]
[EventType "swiss"]
[EventRounds "9"]
[EventCountry "AND"]
[Source "lmi"]
[SourceDate "2005.07.17"]

1. Nf3 g6 2. d4 Nf6 3. Bg5 Bg7 4. Nbd2 O-O 5. e3 d6 6. Be2 c5 7. c3 Nc6 8. O-O
h6 9. Bh4 g5 10. Bg3 Nh5 11. d5 Nb8 12. e4 Na6 13. a4 Nc7 14. Nc4 f5 15. exf5
Bxf5 16. Ne3 Be4 17. Nd2 Nxg3 18. hxg3 Bg6 19. f4 b6 20. f5 Bf7 21. Ne4 a6 22.
Bh5 Qe8 23. Bxf7+ Qxf7 24. Qd2 Ne8 25. Rae1 Nf6 26. Nxf6+ Bxf6 27. Ng4 Kg7 28.
Re6 Rfd8 29. Rfe1 Ra7 30. R1e4 Rdd7 31. Qe2 Kh7 32. Nxf6+ exf6 33. g4 Kg7 34.
c4 Rab7 35. Kh2 Ra7 36. Re8 Rab7 37. R4e6 Kh7 38. Kh3 Kg7 39. b3 Kh7 40. Rc8
Re7 41. Rc6 Rxe6 42. dxe6 Qe7 43. Qd1 h5 44. Rxd6 1-0

[Event "Andorra open 2005"]
[Site "Andorra AND"]
[Date "2005.07.13"]
[Round "5.4"]
[White "Fluvia Poyatos, Jordi"]
[Black "Spraggett, Kevin"]
[Result "1/2-1/2"]
[WhiteElo "2448"]
[BlackElo "2592"]
[PlyCount "109"]
[EventDate "2005.07.17"]
[EventType "swiss"]
[EventRounds "9"]
[EventCountry "AND"]
[Source "lmi"]
[SourceDate "2005.07.17"]

1. e4 c5 2. Nf3 e6 3. d4 cxd4 4. Nxd4 a6 5. Bd3 Nf6 6. O-O d6 7. c4 Qc7 8. Nc3
Be7 9. Qe2 O-O 10. f4 Nbd7 11. Kh1 Re8 12. Nf3 g6 13. e5 Nh5 14. Ng5 Ng7 15.
exd6 Bxd6 16. Nce4 Be7 17. b3 f5 18. Nc3 Bf6 19. Bb2 h6 20. Nh3 b6 21. Qf2 Bb7
22. Be2 Rad8 23. Bf3 Kf7 24. Rad1 Nc5 25. Qe3 Bxf3 26. Qxf3 Nh5 27. g3 Rxd1 28.
Rxd1 Rd8 29. Nf2 Rxd1+ 30. Ncxd1 Qd7 31. Qe3 a5 32. Kg1 Qd8 33. a3 Qc7 34. b4
axb4 35. axb4 Nd7 36. Bxf6 Nhxf6 37. Nb2 Ke7 38. Nfd3 Ne4 39. Qd4 Nef6 40. c5
bxc5 41. bxc5 g5 42. Nc4 g4 43. Nce5 Nxe5 44. Nxe5 Nd7 45. Nd3 Nf6 46. Ne5 Nd7
47. Nd3 Nf6 48. Kf2 Qc6 49. Ne5 Ne4+ 50. Ke1 Qb5 51. Ng6+ Kf7 52. Ne5+ Ke7 53.
Ng6+ Kf7 54. Ne5+ Ke7 55. Ng6+ 1/2-1/2

[Event "Andorra open 2005"]
[Site "Andorra AND"]
[Date "2005.07.13"]
[Round "5.5"]
[White "De la Riva Aguado, Oscar"]
[Black "Asis Gargatagli, Hipolit"]
[Result "1-0"]
[WhiteElo "2548"]
[BlackElo "2395"]
[PlyCount "49"]
[EventDate "2005.07.17"]
[EventType "swiss"]
[EventRounds "9"]
[EventCountry "AND"]
[Source "lmi"]
[SourceDate "2005.07.17"]

1. e4 c5 2. Nf3 d6 3. c3 Nf6 4. Be2 Bd7 5. Qc2 Qc7 6. O-O g6 7. d3 Bg7 8. Bf4
O-O 9. Nbd2 e5 10. Bg5 b5 11. Rfc1 Bc6 12. d4 h6 13. Bh4 Qb7 14. d5 Bd7 15. a4
bxa4 16. Nc4 Qc7 17. Bd1 g5 18. Bg3 Nxe4 19. Qxe4 f5 20. Qe2 f4 21. Nfd2 fxg3
22. hxg3 Rf7 23. Ne4 Bf8 24. Bxa4 Bf5 25. Be8 1-0

[Event "Andorra open 2005"]
[Site "Andorra AND"]
[Date "2005.07.13"]
[Round "5.6"]
[White "Campos Moreno, Javier"]
[Black "Comas Fabrego, Luis"]
[Result "1-0"]
[WhiteElo "2443"]
[BlackElo "2513"]
[PlyCount "76"]
[EventDate "2005.07.17"]
[EventType "swiss"]
[EventRounds "9"]
[EventCountry "AND"]
[Source "lmi"]
[SourceDate "2005.07.17"]

1. d4 Nf6 2. c4 d6 3. Nc3 c6 4. e4 e5 5. Nge2 Be7 6. g3 a6 7. a4 Bg4 8. Bg2
exd4 9. Qxd4 c5 10. Qd2 Nc6 11. h3 Bd7 12. b3 O-O 13. O-O Re8 14. Bb2 Bf8 15.
Rae1 Rb8 16. Qd1 Na5 17. Nc1 b5 18. axb5 axb5 19. cxb5 Bxb5 20. Nxb5 Rxb5 21.
e5 dxe5 22. Rxe5 Qxd1 23. Rxd1 Reb8 24. Bf1 R5b6 25. Re3 Nxb3 26. Be5 R8b7 27.
Nxb3 Rxb3 28. Rxb3 Rxb3 29. Rd8 Rb6 30. Bc4 g5 31. g4 h6 32. f3 Kg7 33. Rd7 Kh8
34. Rxf7 Bg7 35. Ra7 h5 36. f4 hxg4 37. fxg5 Rb1+ 38. Kh2 Nd7 1-0

[Event "Andorra open 2005"]
[Site "Andorra AND"]
[Date "2005.07.13"]
[Round "5.9"]
[White "Pogorelov, Ruslan"]
[Black "Oms Pallise, Josep"]
[Result "1/2-1/2"]
[WhiteElo "2442"]
[BlackElo "2476"]
[PlyCount "87"]
[EventDate "2005.07.17"]
[EventType "swiss"]
[EventRounds "9"]
[EventCountry "AND"]
[Source "lmi"]
[SourceDate "2005.07.17"]

1. Nf3 Nf6 2. c4 b6 3. g3 c5 4. Bg2 Bb7 5. O-O e6 6. Nc3 Be7 7. d4 cxd4 8. Qxd4
d6 9. Bg5 a6 10. Bxf6 Bxf6 11. Qd3 Ra7 12. Rad1 Be7 13. Nd4 Bxg2 14. Kxg2 Qc8
15. f4 Nc6 16. Nf3 O-O 17. Qe3 Rb7 18. Ne4 Rd8 19. Rd2 d5 20. cxd5 exd5 21. Nf2
Bc5 22. Qd3 Re7 23. a3 a5 24. Qc2 Rde8 25. Re1 Qb7 26. Qd1 Qa6 27. Rc2 Qb5 28.
Qd3 Qxd3 29. Nxd3 Nd4 30. Nxd4 Bxd4 31. Kf1 h6 32. Rd1 Be3 33. Ne1 Rd7 34. b4
axb4 35. axb4 g5 36. Ng2 gxf4 37. gxf4 Re4 38. Nxe3 Rxe3 39. Rc6 Re4 40. Rxb6
Rxf4+ 41. Kg2 Re7 42. Rxd5 Rxe2+ 43. Kg3 Ree4 44. Rxh6 1/2-1/2

[Event "Andorra open 2005"]
[Site "Andorra AND"]
[Date "2005.07.14"]
[Round "6.1"]
[White "Peralta, Fernando"]
[Black "De la Riva Aguado, Oscar"]
[Result "1-0"]
[WhiteElo "2553"]
[BlackElo "2548"]
[PlyCount "75"]
[EventDate "2005.07.17"]
[EventType "swiss"]
[EventRounds "9"]
[EventCountry "AND"]
[Source "lmi"]
[SourceDate "2005.07.17"]

1. d4 d5 2. c4 c6 3. Nf3 Nf6 4. Nc3 a6 5. e3 b5 6. c5 g6 7. b4 a5 8. bxa5 Qxa5
9. Bd2 b4 10. Nb1 Ne4 11. a3 Nxd2 12. Nfxd2 Ba6 13. Nb3 Qa4 14. Bxa6 Rxa6 15.
O-O Qb5 16. axb4 Bg7 17. Qd2 Rxa1 18. Nxa1 Na6 19. Nc2 O-O 20. Nc3 Qb7 21. Rb1
Nc7 22. Qd3 Rb8 23. f4 e6 24. Ra1 f6 25. Ra5 e5 26. f5 Ra8 27. Rxa8+ Qxa8 28.
fxg6 hxg6 29. Qxg6 Qa6 30. b5 cxb5 31. dxe5 fxe5 32. Qxa6 Nxa6 33. c6 d4 34.
Nxb5 d3 35. Nb4 Nc7 36. Nc3 e4 37. Nxe4 d2 38. Nf2 1-0

[Event "Andorra open 2005"]
[Site "Andorra AND"]
[Date "2005.07.14"]
[Round "6.2"]
[White "Gurevich, Mikhail"]
[Black "Perez Candelario, Manuel"]
[Result "1-0"]
[WhiteElo "2669"]
[BlackElo "2504"]
[PlyCount "75"]
[EventDate "2005.07.17"]
[EventType "swiss"]
[EventRounds "9"]
[EventCountry "AND"]
[Source "lmi"]
[SourceDate "2005.07.17"]

1. d4 d5 2. c4 e6 3. Nf3 Nf6 4. Bg5 c6 5. e3 Qa5+ 6. Nbd2 Ne4 7. Bf4 g5 8. Bxb8
Rxb8 9. a3 Bg7 10. b4 Qd8 11. Nxe4 dxe4 12. Nd2 e5 13. d5 Bf5 14. g4 Bg6 15.
Bg2 cxd5 16. cxd5 Qxd5 17. Nxe4 Bxe4 18. Qxd5 Bxd5 19. Bxd5 Ke7 20. Rc1 Rhc8
21. Ke2 b5 22. h3 h6 23. Be4 Bf8 24. Bf5 Rxc1 25. Rxc1 Kd6 26. Rd1+ Kc6 27. Rd7
a5 28. bxa5 Bxa3 29. Rxf7 b4 30. Rf6+ Kc5 31. a6 Ra8 32. Be4 Ra7 33. Bb7 Kc4
34. Rxh6 Kc3 35. Rc6+ Kb2 36. Kd3 b3 37. Rb6 e4+ 38. Kc4 1-0

[Event "Andorra open 2005"]
[Site "Andorra AND"]
[Date "2005.07.14"]
[Round "6.3"]
[White "Damljanovic, Branko"]
[Black "Arizmendi Martinez, Julen"]
[Result "1/2-1/2"]
[WhiteElo "2612"]
[BlackElo "2504"]
[PlyCount "95"]
[EventDate "2005.07.17"]
[EventType "swiss"]
[EventRounds "9"]
[EventCountry "AND"]
[Source "lmi"]
[SourceDate "2005.07.17"]

1. d4 Nf6 2. Nf3 c5 3. d5 e6 4. Nc3 exd5 5. Nxd5 Nxd5 6. Qxd5 Be7 7. e4 O-O 8.
Be2 Nc6 9. O-O d6 10. c3 Be6 11. Qh5 f5 12. Ng5 Bxg5 13. Bxg5 Qd7 14. exf5 Bxf5
15. Rad1 Kh8 16. Be3 b6 17. Qh4 Rae8 18. Rd2 Be6 19. Qa4 d5 20. b4 Nd4 21. Qxd7
Nxe2+ 22. Rxe2 Bxd7 23. Rd2 cxb4 24. cxb4 Bb5 25. Rc1 Bc4 26. h3 Re4 27. Rc3 h6
28. f3 Re6 29. Kf2 Rfe8 30. a3 Kh7 31. Rd4 a5 32. Rd2 a4 33. Rd4 b5 34. g4 g5
35. Rd2 Kg6 36. Rd4 R6e7 37. f4 gxf4 38. Rxf4 Re4 39. Rxe4 Rxe4 40. Kf3 d4 41.
Kxe4 dxc3 42. Kd4 c2 43. Kc3 Bf1 44. h4 Be2 45. h5+ Kh7 46. g5 hxg5 47. Bxg5
Bxh5 48. Kxc2 1/2-1/2

[Event "Andorra open 2005"]
[Site "Andorra AND"]
[Date "2005.07.14"]
[Round "6.4"]
[White "Campos Moreno, Javier"]
[Black "Postny, Evgeny"]
[Result "1-0"]
[WhiteElo "2443"]
[BlackElo "2559"]
[PlyCount "85"]
[EventDate "2005.07.17"]
[EventType "swiss"]
[EventRounds "9"]
[EventCountry "AND"]
[Source "lmi"]
[SourceDate "2005.07.17"]

1. d4 d5 2. c4 c6 3. Nf3 Nf6 4. e3 Bf5 5. Nc3 e6 6. Nh4 Bg6 7. Nxg6 hxg6 8. Bd2
Nbd7 9. Rc1 Nb6 10. c5 Nbd7 11. f4 Nh5 12. Qf3 Qh4+ 13. Kd1 f5 14. Be1 Qd8 15.
g4 Nhf6 16. g5 Ne4 17. b4 b6 18. h4 a5 19. a3 axb4 20. axb4 bxc5 21. bxc5 Qb8
22. Qe2 Ra3 23. Qc2 Nexc5 24. dxc5 Bxc5 25. Bd2 Ke7 26. Bd3 Qa7 27. Ke2 Rb8 28.
Rb1 Rxb1 29. Rxb1 Bd6 30. Rb3 Rxb3 31. Qxb3 Nc5 32. Qa2 Qb8 33. Qb1 Qh8 34. Be1
Qh5+ 35. Kd2 d4 36. exd4 Bxf4+ 37. Kc2 Nxd3 38. Qb7+ Kf8 39. Qc8+ Kf7 40. Qd7+
Kf8 41. Kxd3 Qf3+ 42. Kc2 Qe3 43. h5 1-0

[Event "Andorra open 2005"]
[Site "Andorra AND"]
[Date "2005.07.14"]
[Round "6.6"]
[White "Spraggett, Kevin"]
[Black "Pogorelov, Ruslan"]
[Result "1/2-1/2"]
[WhiteElo "2592"]
[BlackElo "2442"]
[PlyCount "74"]
[EventDate "2005.07.17"]
[EventType "swiss"]
[EventRounds "9"]
[EventCountry "AND"]
[Source "lmi"]
[SourceDate "2005.07.17"]

1. e4 c6 2. d4 d5 3. e5 Bf5 4. Be3 e6 5. Nd2 Nd7 6. Be2 Bg6 7. Ngf3 Nh6 8. Bxh6
gxh6 9. O-O Be7 10. Nb3 O-O 11. Qd2 Kg7 12. c3 f6 13. exf6+ Bxf6 14. Bd3 Qc7
15. Rae1 Rae8 16. Re3 e5 17. dxe5 Nxe5 18. Nxe5 Rxe5 19. Rxe5 Bxe5 20. g3 Re8
21. Kg2 Bf6 22. f4 Qb6 23. Rf3 a5 24. Nc1 c5 25. g4 Qc6 26. Ne2 b5 27. g5 hxg5
28. fxg5 Be5 29. Bxg6 hxg6 30. Nf4 d4 31. cxd4 Bxd4 32. Kg3 a4 33. b4 axb3 34.
axb3 Be5 35. Kf2 Qd6 36. Qxd6 Bxd6 37. h3 Bxf4 1/2-1/2

[Event "Andorra open 2005"]
[Site "Andorra AND"]
[Date "2005.07.14"]
[Round "6.7"]
[White "Conquest, Stuart"]
[Black "Fluvia Poyatos, Jordi"]
[Result "0-1"]
[WhiteElo "2503"]
[BlackElo "2448"]
[PlyCount "40"]
[EventDate "2005.07.17"]
[EventType "swiss"]
[EventRounds "9"]
[EventCountry "AND"]
[Source "lmi"]
[SourceDate "2005.07.17"]

1. Nf3 d5 2. d4 Nc6 3. Bf4 Bg4 4. e3 e6 5. c4 Bb4+ 6. Nc3 Nf6 7. a3 Bxc3+ 8.
bxc3 Ne4 9. h3 Bf5 10. Rc1 O-O 11. c5 b6 12. Qa4 Na5 13. Be2 c6 14. O-O bxc5
15. c4 Qb6 16. Ne5 Nb3 17. Rc2 cxd4 18. exd4 Nxd4 19. c5 Nxe2+ 20. Rxe2 Nxc5
0-1

[Event "Andorra open 2005"]
[Site "Andorra AND"]
[Date "2005.07.14"]
[Round "6.8"]
[White "Martin Blanco, Fernando"]
[Black "Maze, Sebastien"]
[Result "0-1"]
[WhiteElo "2105"]
[BlackElo "2494"]
[PlyCount "82"]
[EventDate "2005.07.17"]
[EventType "swiss"]
[EventRounds "9"]
[EventCountry "AND"]
[Source "lmi"]
[SourceDate "2005.07.17"]

1. e4 g6 2. d4 Bg7 3. Nc3 c6 4. h3 d6 5. a4 a5 6. g3 Nf6 7. Bg2 O-O 8. Nge2 Qc7
9. O-O e5 10. Be3 Re8 11. Qd2 Na6 12. g4 Nb4 13. Ng3 Nd7 14. Nce2 Nb6 15. b3
Be6 16. f4 Bc4 17. f5 Bxe2 18. Nxe2 exd4 19. Bxd4 Bxd4+ 20. Nxd4 Qe7 21. Rf2
Nd7 22. fxg6 fxg6 23. Raf1 Rf8 24. Rxf8+ Rxf8 25. Rxf8+ Qxf8 26. c3 Na6 27. b4
Ne5 28. Qa2+ Qf7 29. Qxf7+ Kxf7 30. Nc2 axb4 31. cxb4 c5 32. b5 Nb4 33. Ne3 c4
34. Kf1 b6 35. Ke2 c3 36. Kd1 Ned3 37. Bf1 Nb2+ 38. Kc1 Nxa4 39. Nc2 Nxc2 40.
Kxc2 Kf6 41. Kb3 Ke5 0-1

[Event "Andorra open 2005"]
[Site "Andorra AND"]
[Date "2005.07.14"]
[Round "6.9"]
[White "Bruned, Yvain"]
[Black "Ermenkov, Evgenij"]
[Result "0-1"]
[WhiteElo "2328"]
[BlackElo "2478"]
[PlyCount "130"]
[EventDate "2005.07.17"]
[EventType "swiss"]
[EventRounds "9"]
[EventCountry "AND"]
[Source "lmi"]
[SourceDate "2005.07.17"]

1. e4 d5 2. exd5 Qxd5 3. Nc3 Qe5+ 4. Be2 c6 5. d4 Qc7 6. Nf3 Bf5 7. Nh4 Bg6 8.
Nxg6 hxg6 9. h3 e6 10. Ne4 Nf6 11. Bd3 Nbd7 12. Qe2 Nxe4 13. Qxe4 Nf6 14. Qe2
O-O-O 15. Be3 c5 16. dxc5 Bxc5 17. O-O-O Bxe3+ 18. Qxe3 Kb8 19. Be4 Rc8 20. Kb1
Rh5 21. Bd3 Nd5 22. Qd2 Nf4 23. Be4 Rc5 24. c3 f5 25. Bf3 e5 26. g3 Ne6 27. Qd6
Re8 28. Qxc7+ Kxc7 29. Bd5 b5 30. b4 Rxc3 31. Kb2 Rc6 32. Bxc6 Kxc6 33. Rhe1 e4
34. h4 g5 35. hxg5 Nxg5 36. Re3 Re6 37. Rc3+ Kb6 38. Rd7 Nh3 39. Rcc7 Nxf2 40.
Rb7+ Kc6 41. Rbc7+ Kb6 42. Rxg7 e3 43. Rce7 Rd6 44. Kc2 Ne4 45. Rxe4 fxe4 46.
Rh7 Rd2+ 47. Kc3 Rd3+ 48. Kc2 e2 49. Rh6+ Kc7 50. Rh1 Rxg3 51. Re1 Ra3 52. Kb2
Re3 53. Kc2 Kd6 54. Kd2 Ra3 55. Ra1 Kd5 56. Kxe2 Kc4 57. Rc1+ Kxb4 58. Rc2 Rh3
59. Rc7 a5 60. Re7 e3 61. Ra7 a4 62. Rb7 a3 63. Rb8 Rh2+ 64. Kxe3 Rxa2 65. Kd3
Rh2 0-1

[Event "Andorra open 2005"]
[Site "Andorra AND"]
[Date "2005.07.14"]
[Round "6.10"]
[White "Oms Pallise, Josep"]
[Black "Sanchez Botella, Luis Javier"]
[Result "1-0"]
[WhiteElo "2476"]
[BlackElo "2139"]
[PlyCount "99"]
[EventDate "2005.07.17"]
[EventType "swiss"]
[EventRounds "9"]
[EventCountry "AND"]
[Source "lmi"]
[SourceDate "2005.07.17"]

1. Nf3 Nf6 2. c4 e6 3. Nc3 Bb4 4. Qc2 b6 5. a3 Bxc3 6. Qxc3 O-O 7. e3 Bb7 8.
Be2 d6 9. O-O Nbd7 10. b4 a5 11. Bb2 Qe7 12. d4 Ne4 13. Qd3 f5 14. Nd2 Nxd2 15.
Qxd2 Rf6 16. f3 Rh6 17. Rf2 Qh4 18. g3 Rg6 19. Bc3 a4 20. d5 e5 21. Qc2 Qh6 22.
Bd3 Nf8 23. Bxf5 Qxe3 24. Re1 Qg5 25. Bd2 Qh5 26. Bxg6 Nxg6 27. b5 Bc8 28. h4
Bf5 29. Qd1 Bd7 30. Bg5 Nf8 31. Be7 Qg6 32. Kg2 Qf5 33. g4 Qf7 34. Bxf8 Rxf8
35. Qd2 h6 36. h5 Qf6 37. Re4 Qh4 38. Rf1 Rf7 39. Qe3 Bc8 40. Rh1 Qf6 41. Kg3
Qg5 42. Qxg5 hxg5 43. h6 g6 44. h7+ Kh8 45. Rh6 Rg7 46. c5 bxc5 47. Rxa4 Bb7
48. Ra7 Bxd5 49. b6 c4 50. bxc7 1-0

[Event "Andorra open 2005"]
[Site "Andorra AND"]
[Date "2005.07.15"]
[Round "7.2"]
[White "Fluvia Poyatos, Joan"]
[Black "Campos Moreno, Javier"]
[Result "1/2-1/2"]
[WhiteElo "2458"]
[BlackElo "2443"]
[PlyCount "44"]
[EventDate "2005.07.17"]
[EventType "swiss"]
[EventRounds "9"]
[EventCountry "AND"]
[Source "lmi"]
[SourceDate "2005.07.17"]

1. e4 c5 2. Nf3 d6 3. d4 cxd4 4. Nxd4 Nf6 5. Nc3 a6 6. Be3 e5 7. Nb3 Be6 8. f3
Be7 9. Qd2 O-O 10. O-O-O Nbd7 11. g4 b5 12. g5 b4 13. Ne2 Ne8 14. f4 a5 15. f5
a4 16. fxe6 axb3 17. exf7+ Rxf7 18. Kb1 bxc2+ 19. Kxc2 Nb6 20. Nc1 d5 21. exd5
Nd6 22. Kb1 Nbc4 1/2-1/2

[Event "Andorra open 2005"]
[Site "Andorra AND"]
[Date "2005.07.15"]
[Round "7.3"]
[White "Ermenkov, Evgenij"]
[Black "Damljanovic, Branko"]
[Result "0-1"]
[WhiteElo "2478"]
[BlackElo "2612"]
[PlyCount "104"]
[EventDate "2005.07.17"]
[EventType "swiss"]
[EventRounds "9"]
[EventCountry "AND"]
[Source "lmi"]
[SourceDate "2005.07.17"]

1. e4 c5 2. Nf3 d6 3. d4 cxd4 4. Nxd4 Nf6 5. Nc3 a6 6. f4 e5 7. Nf3 Nbd7 8. a4
Qc7 9. Bd3 b6 10. O-O Bb7 11. Qe1 Be7 12. fxe5 dxe5 13. Nh4 g6 14. Bh6 Ng4 15.
Bd2 Qc5+ 16. Kh1 Nf2+ 17. Rxf2 Bxh4 18. g3 Be7 19. Bf1 Nf6 20. Bg2 O-O 21. Qe2
b5 22. Raf1 b4 23. Nd1 Kg7 24. b3 a5 25. Nb2 Ba6 26. Nd3 Qd6 27. Bg5 Ng8 28.
Bc1 Rac8 29. Bb2 f6 30. Qe3 Qc7 31. g4 Bxd3 32. Qxd3 Rcd8 33. Qb5 Bc5 34. Rf3
Bd4 35. Bxd4 Rxd4 36. g5 Rdd8 37. gxf6+ Rxf6 38. Rd3 Rxd3 39. cxd3 Rxf1+ 40.
Bxf1 Nf6 41. Be2 Nd7 42. Kg2 Nc5 43. Qc4 Qd6 44. h4 Ne6 45. Kf1 Nd4 46. Ke1 Qe7
47. Kd1 Qf7 48. h5 Qxc4 49. dxc4 Nxb3 50. hxg6 Kxg6 51. Bg4 Nc5 52. Bf5+ Kg7
0-1

[Event "Andorra open 2005"]
[Site "Andorra AND"]
[Date "2005.07.15"]
[Round "7.5"]
[White "Maze, Sebastien"]
[Black "Fluvia Poyatos, Jordi"]
[Result "1-0"]
[WhiteElo "2494"]
[BlackElo "2448"]
[PlyCount "51"]
[EventDate "2005.07.17"]
[EventType "swiss"]
[EventRounds "9"]
[EventCountry "AND"]
[Source "lmi"]
[SourceDate "2005.07.17"]

1. e4 e6 2. d4 d5 3. Nc3 Bb4 4. e5 b6 5. a3 Bf8 6. Nf3 a5 7. Bd3 Ba6 8. O-O Ne7
9. Ne2 h5 10. Bg5 Qc8 11. Nf4 Bxd3 12. Qxd3 Qa6 13. Qd2 Nbc6 14. a4 Nf5 15. c4
Bb4 16. Qd1 dxc4 17. d5 Nd8 18. Qc2 Ne7 19. dxe6 Nxe6 20. Nxe6 fxe6 21. Bxe7
Kxe7 22. Qg6 Kd7 23. Rfd1+ Kc8 24. Qxe6+ Kb7 25. Qd5+ Ka7 26. Nd4 1-0

[Event "Andorra open 2005"]
[Site "Andorra AND"]
[Date "2005.07.15"]
[Round "7.6"]
[White "Sakelsek, Tadej"]
[Black "Spraggett, Kevin"]
[Result "1/2-1/2"]
[WhiteElo "2395"]
[BlackElo "2592"]
[PlyCount "90"]
[EventDate "2005.07.17"]
[EventType "swiss"]
[EventRounds "9"]
[EventCountry "AND"]
[Source "lmi"]
[SourceDate "2005.07.17"]

1. e4 c5 2. Nf3 e6 3. d4 cxd4 4. Nxd4 a6 5. c4 Nf6 6. Nc3 Qc7 7. a3 Be7 8. Be3
d6 9. Be2 O-O 10. O-O b6 11. Qd2 Bb7 12. f3 Nbd7 13. b4 Rfe8 14. Rac1 Rac8 15.
Rfd1 Qb8 16. Rc2 Bd8 17. Kh1 Bc7 18. Bg1 h6 19. Na4 g5 20. Rb1 Rcd8 21. Qc1 Qa8
22. c5 dxc5 23. bxc5 bxc5 24. Nxc5 Nxc5 25. Rxc5 Bf4 26. Qe1 Nd7 27. Rc2 Rc8
28. Qd1 Red8 29. Rxc8 Qxc8 30. Qb3 Nc5 31. Qc4 Rd7 32. Nb3 Nxb3 33. Qxb3 Rc7
34. Rd1 Rc1 35. Rxc1 Qxc1 36. g3 Be5 37. Kg2 Qd2 38. Qd3 Qb2 39. Bc5 Kg7 40.
Kf2 a5 41. Qb5 Qc3 42. Qc4 Bc6 43. Qxc3 Bxc3 44. Ke3 e5 45. Bc4 f6 1/2-1/2

[Event "Andorra open 2005"]
[Site "Andorra AND"]
[Date "2005.07.15"]
[Round "7.7"]
[White "Postny, Evgeny"]
[Black "Asis Gargatagli, Hipolit"]
[Result "0-1"]
[WhiteElo "2559"]
[BlackElo "2395"]
[PlyCount "82"]
[EventDate "2005.07.17"]
[EventType "swiss"]
[EventRounds "9"]
[EventCountry "AND"]
[Source "lmi"]
[SourceDate "2005.07.17"]

1. d4 Nf6 2. Nf3 g6 3. c4 Bg7 4. Nc3 O-O 5. e4 d6 6. Be2 c5 7. O-O Nc6 8. d5
Na5 9. Bd2 e5 10. a3 b6 11. b4 Nb7 12. Ne1 Ne8 13. Rb1 f5 14. exf5 gxf5 15. f4
Nf6 16. Nc2 exf4 17. Bxf4 Nd7 18. Qd2 Ne5 19. Ne1 Bd7 20. Nd1 Rc8 21. b5 Na5
22. Qc2 Qf6 23. Kh1 Rce8 24. Bd2 Qh4 25. Rc1 Qe4 26. Bxa5 bxa5 27. Qd2 Ng4 28.
Bd3 Qe7 29. Qxa5 Rf6 30. Nf3 Rh6 31. h3 f4 32. Rc2 Ne5 33. Nxe5 Bxe5 34. Qxa7
Bd4 35. Nf2 f3 36. Rg1 Kh8 37. Qa5 fxg2+ 38. Rxg2 Bxh3 39. Qd2 Bxg2+ 40. Kxg2
Rg8+ 41. Kf1 Rh1+ 0-1

[Event "Andorra open 2005"]
[Site "Andorra AND"]
[Date "2005.07.15"]
[Round "7.8"]
[White "De la Riva Aguado, Oscar"]
[Black "Lacasa Diaz, Jose Antonio"]
[Result "1-0"]
[WhiteElo "2548"]
[BlackElo "2420"]
[PlyCount "67"]
[EventDate "2005.07.17"]
[EventType "swiss"]
[EventRounds "9"]
[EventCountry "AND"]
[Source "lmi"]
[SourceDate "2005.07.17"]

1. e4 c5 2. Nf3 e6 3. d4 cxd4 4. Nxd4 Nf6 5. Nc3 d6 6. Be3 a6 7. f3 b5 8. Qd2
Nbd7 9. O-O-O Bb7 10. g4 Nb6 11. g5 Nfd7 12. Bd3 Rc8 13. Kb1 Na4 14. Nxa4 bxa4
15. a3 Rb8 16. Ka1 Nc5 17. Bc4 Qb6 18. Rb1 g6 19. Ne2 Bg7 20. Bd4 Bxd4 21. Nxd4
O-O 22. h4 d5 23. exd5 Bxd5 24. Bxd5 exd5 25. h5 Ne6 26. Rh4 Nxd4 27. Rxd4 Rfe8
28. hxg6 fxg6 29. Rxa4 Qe6 30. Rd1 Rb5 31. Rd4 Rf8 32. f4 Qb6 33. Rxd5 Rxb2 34.
Rd7 1-0

[Event "Andorra open 2005"]
[Site "Andorra AND"]
[Date "2005.07.15"]
[Round "7.9"]
[White "Pogorelov, Ruslan"]
[Black "Comas Fabrego, Luis"]
[Result "1-0"]
[WhiteElo "2442"]
[BlackElo "2513"]
[PlyCount "153"]
[EventDate "2005.07.17"]
[EventType "swiss"]
[EventRounds "9"]
[EventCountry "AND"]
[Source "lmi"]
[SourceDate "2005.07.17"]

1. Nf3 f5 2. d4 Nf6 3. g3 e6 4. Bg2 Be7 5. O-O O-O 6. c4 d6 7. Nc3 a5 8. b3 Qe8
9. Bb2 Kh8 10. e3 Bd8 11. Ne1 e5 12. dxe5 dxe5 13. e4 Nc6 14. exf5 Bxf5 15. Nd5
Nd7 16. Nc2 Qg6 17. Nce3 Bd3 18. Re1 Nd4 19. Bxd4 exd4 20. Ng4 Bf5 21. h3 c6
22. Nf4 Qf7 23. Be4 Bxg4 24. hxg4 Nc5 25. Qc2 d3 26. Nxd3 Nxd3 27. Bxd3 Bf6 28.
Rad1 Bd4 29. Bf5 Rad8 30. Rd2 g6 31. Be4 Qe6 32. Kg2 Qxg4 33. Rh1 Kg7 34. Rh4
Qd7 35. Bxg6 hxg6 36. Rhxd4 Qxd4 37. Rxd4 Rxd4 38. Qc3 Rfd8 39. Qxa5 R8d7 40.
Qe5+ Kf7 41. a4 R4d6 42. a5 Rf6 43. Qe3 Rf5 44. b4 Re7 45. Qb6 Rf6 46. f4 g5
47. fxg5 Rfe6 48. Kh3 Kg6 49. Qd4 Kxg5 50. Qf4+ Kg6 51. Qg4+ Kf7 52. b5 cxb5
53. cxb5 Rh6+ 54. Kg2 Rg6 55. Qf5+ Kg7 56. g4 Rge6 57. Qd5 Re5 58. Qd4 Kg6 59.
a6 bxa6 60. bxa6 Re4 61. Qd5 Rxg4+ 62. Kf3 Rg5 63. Qd3+ Kf6 64. Kf4 Rg8 65.
Qd4+ Kg6 66. a7 Rf7+ 67. Kg4 Rff8 68. Qd6+ Kh7+ 69. Kh4 Kg7 70. Qe7+ Kg6 71.
Qe6+ Kg7 72. Kh5 Rh8+ 73. Kg5 Rhg8 74. Qh6+ Kf7+ 75. Kf5 Ra8 76. Qf6+ Ke8 77.
Qc6+ 1-0

[Event "Andorra open 2005"]
[Site "Andorra AND"]
[Date "2005.07.16"]
[Round "8.3"]
[White "Damljanovic, Branko"]
[Black "Fluvia Poyatos, Joan"]
[Result "1-0"]
[WhiteElo "2612"]
[BlackElo "2458"]
[PlyCount "135"]
[EventDate "2005.07.17"]
[EventType "swiss"]
[EventRounds "9"]
[EventCountry "AND"]
[Source "lmi"]
[SourceDate "2005.07.17"]

1. e4 c5 2. Nf3 Nc6 3. Bb5 g6 4. O-O Bg7 5. Re1 Nf6 6. e5 Nd5 7. Nc3 Nc7 8.
Bxc6 dxc6 9. Ne4 Ne6 10. d3 O-O 11. Be3 b6 12. Qd2 f5 13. exf6 exf6 14. Bh6 a5
15. Bxg7 Kxg7 16. Ng3 Ra7 17. Re2 Nd4 18. Nxd4 Qxd4 19. Rb1 a4 20. a3 f5 21.
Nf1 Rd7 22. Qc3 Kf6 23. Nd2 Qxc3 24. bxc3 b5 25. Rbe1 Rd6 26. f4 Re6 27. Rxe6+
Bxe6 28. Re5 b4 29. cxb4 cxb4 30. axb4 Ra8 31. c3 Rd8 32. d4 Ra8 33. Re1 a3 34.
Ra1 a2 35. Kf2 Ra3 36. c4 Ra4 37. Ke3 Rxb4 38. Kd3 Ra4 39. Kc3 Ra8 40. Kb3 Rb8+
41. Kc3 Ra8 42. g3 h6 43. Kb3 Rb8+ 44. Kxa2 Rd8 45. Kb3 Rxd4 46. Kc3 Rd8 47.
Ra6 Rc8 48. Nb3 g5 49. Nc5 Rc7 50. Kd4 Bf7 51. Nd3 Rd7+ 52. Kc3 Rc7 53. Nb4 Kg6
54. Rxc6+ Rxc6 55. Nxc6 Kh5 56. Ne5 Be6 57. Kd4 gxf4 58. gxf4 Kh4 59. c5 Kh3
60. Nf3 Kg2 61. Ke5 Bc8 62. Nh4+ Kxh2 63. Nxf5 h5 64. Nh4 Kg3 65. f5 Bd7 66. f6
Be8 67. Nf5+ Kg4 68. c6 1-0